<?xml version="1.0" encoding="UTF-8"?>
<record
    xmlns:xsi="http://www.w3.org/2001/XMLSchema-instance"
    xsi:schemaLocation="http://www.loc.gov/MARC21/slim http://www.loc.gov/standards/marcxml/schema/MARC21slim.xsd"
    xmlns="http://www.loc.gov/MARC21/slim">

  <leader>00340nam a22001217a 4500</leader>
  <datafield tag="040" ind1=" " ind2=" ">
    <subfield code="c">HS</subfield>
  </datafield>
  <datafield tag="082" ind1=" " ind2=" ">
    <subfield code="a">380</subfield>
  </datafield>
  <datafield tag="100" ind1=" " ind2=" ">
    <subfield code="a">&#x179A;&#x179F;&#x17CB; &#x179F;&#x17BB;&#x1797;&#x17B6;&#x179A;&#x17C9;&#x17B6;&#x179C;&#x17B8;</subfield>
  </datafield>
  <datafield tag="245" ind1=" " ind2=" ">
    <subfield code="a">&#x1798;&#x17C9;&#x17B6;&#x1783;&#x17C1;&#x178F;&#x1792;&#x17B8;&#x1784;&#x1780;&#x179F;&#x17B7;&#x1780;&#x1798;&#x17D2;&#x1798; agricultural marketing</subfield>
  </datafield>
  <datafield tag="260" ind1=" " ind2=" ">
    <subfield code="a">RUA</subfield>
    <subfield code="b">&#x179A;&#x179F;&#x17CB; &#x179F;&#x17BB;&#x1797;&#x17B6;&#x179A;&#x17C9;&#x17B6;&#x179A;&#x17B8;</subfield>
    <subfield code="c">1997</subfield>
  </datafield>
  <datafield tag="300" ind1=" " ind2=" ">
    <subfield code="a">122p;</subfield>
  </datafield>
  <datafield tag="942" ind1=" " ind2=" ">
    <subfield code="c">KB</subfield>
  </datafield>
  <datafield tag="999" ind1=" " ind2=" ">
    <subfield code="c">8874</subfield>
    <subfield code="d">8874</subfield>
  </datafield>
  <datafield tag="952" ind1=" " ind2=" ">
    <subfield code="0">0</subfield>
    <subfield code="1">0</subfield>
    <subfield code="4">0</subfield>
    <subfield code="6">380_000000000000000_&#x179A;&#x179F;_1997_C064</subfield>
    <subfield code="7">0</subfield>
    <subfield code="9">49891</subfield>
    <subfield code="a">LBC</subfield>
    <subfield code="b">LBC</subfield>
    <subfield code="c">C064</subfield>
    <subfield code="d">2016-08-18</subfield>
    <subfield code="o">380 &#x179A;&#x179F;&#x17CB; 1997 C064</subfield>
    <subfield code="p">RUA043089</subfield>
    <subfield code="r">2016-08-18</subfield>
    <subfield code="y">KB</subfield>
  </datafield>
  <datafield tag="952" ind1=" " ind2=" ">
    <subfield code="0">0</subfield>
    <subfield code="1">0</subfield>
    <subfield code="4">0</subfield>
    <subfield code="6">380_000000000000000_&#x179A;&#x179F;_1997_C064</subfield>
    <subfield code="7">0</subfield>
    <subfield code="9">51732</subfield>
    <subfield code="a">LBC</subfield>
    <subfield code="b">LBC</subfield>
    <subfield code="c">C064</subfield>
    <subfield code="d">2016-09-06</subfield>
    <subfield code="o">380 &#x179A;&#x179F;&#x17CB; 1997 C064</subfield>
    <subfield code="p">RUA42061</subfield>
    <subfield code="r">2016-09-06</subfield>
    <subfield code="y">KB</subfield>
  </datafield>
  <datafield tag="952" ind1=" " ind2=" ">
    <subfield code="0">0</subfield>
    <subfield code="1">0</subfield>
    <subfield code="4">0</subfield>
    <subfield code="6">380_000000000000000_&#x179A;&#x179F;_1997_C064</subfield>
    <subfield code="7">0</subfield>
    <subfield code="9">51733</subfield>
    <subfield code="a">LBC</subfield>
    <subfield code="b">LBC</subfield>
    <subfield code="c">C064</subfield>
    <subfield code="d">2016-09-06</subfield>
    <subfield code="l">1</subfield>
    <subfield code="o">380 &#x179A;&#x179F;&#x17CB; 1997 C064</subfield>
    <subfield code="p">RUA043341</subfield>
    <subfield code="r">2021-02-22</subfield>
    <subfield code="s">2021-02-16</subfield>
    <subfield code="y">KB</subfield>
  </datafield>
</record>
